Rues du 10e arrondissement de Paris - Statistiques

Statistiques générales
  • Ce quiz a été pris 66 fois
    19 depuis la dernière actualisation
  • Le résultat moyen est 27 sur 183
Statistiques - réponses
Type de voie Nom de la voie Indice % Correct
Quai de Valmy Bataille
71%
Boulevard Saint-Martin Saint
71%
Boulevard de Strasbourg Ville
65%
Boulevard Saint-Denis Saint
65%
Place de la Bataille de Stalingrad Bataille
59%
Cité Saint-Martin Saint
59%
Quai de Jemmapes Bataille
53%
Boulevard | Cité de Magenta Bataille
53%
Rue La Fayette Homme politique
53%
Rue Louis Blanc Station de métro
53%
Rue de la Grange-aux-Belles
47%
Place de la République Station de métro
47%
Place du Colonel Fabien Résistant
47%
Rue de Paradis
41%
Place Jacques Bonsergent Résistant
41%
Cité Paradis
41%
Rue de Dunkerque Ville
35%
Rue de l'Hôpital Saint-Louis Lieu de l'arrondissement
35%
Cour | Passage | Rue des Petites Écuries
35%
Cité | Rue d'Hauteville
35%
Rue du Faubourg du Temple Quartier
35%
Rue du Faubourg Saint-Denis Quartier
35%
Rue du Faubourg Saint-Martin Quartier
35%
Avenue Parmentier Scientifique
35%
Rue Saint-Maur Saint
35%
Boulevard de La Villette Quartier
29%
Rue du Château d'Eau Station de métro
29%
Rue du Faubourg Poissonnière Quartier
29%
Rue Bichat Scientifique
24%
Impasse Bonne-Nouvelle Station de métro
24%
Rue d'Alsace Région
24%
Boulevard de Bonne-Nouvelle Station de métro
24%
Rue de Maubeuge Ville
24%
Rue de Saint-Quentin Ville
24%
Passage | Rue des Récollets
24%
Avenue de Verdun Bataille
24%
Rue du Château-Landon Station de métro
24%
Avenue Claude Vellefaux Architecte
18%
Rue d'Abbeville Ville
18%
Cité | Rue de Chabrol
18%
Boulevard de La Chapelle Station de métro
18%
Rue de Metz Ville
18%
Rue de Nancy Ville
18%
Rue de Sambre-et-Meuse Ancien département
18%
Rue du 8 mai 1945 Date
18%
Rue Martel
18%
Place Napoléon III Empereur
18%
Rue Saint-Vincent-de-Paul Saint
18%
Rue Taylor
18%
Rue Alexandre Parodi Résistant
12%
Rue Ambroise Paré Scientifique
12%
Rue Beaurepaire Militaire
12%
Rue Bouchardon Artiste
12%
Passage Brady
12%
Rue Civiale Scientifique
12%
Rue d'Aix Ville
12%
Rue de Compiègne Ville
12%
Boulevard de Denain Bataille
12%
Rue de la Fidélité
12%
Rue de Lancry
12%
Passage Delessert
12%
Rue Demarquay Scientifique
12%
Rue de Marseille Ville
12%
Rue d'Enghien Ville
12%
Place de Roubaix Ville
12%
Rue des Deux Gares Lieu de l'arrondissement
12%
Rue des Vinaigriers
12%
Place | Rue de Valenciennes Ville
12%
Rue Dieu Militaire
12%
Place du 11 novembre 1918 Date
12%
Passage Dubail Homme politique
12%
Passage du Prado
12%
Rue Eugène Varlin Militant
12%
Place Franz Liszt Compositeur
12%
Rue Jacques Louvel-Tessier Résistant
12%
Rue Juliette Dodu
12%
Rue Lucien Sampaix Résistant
12%
Rue René Boulanger Résistant
12%
Impasse | Place | Rue Sainte-Marthe Sainte
12%
Rue Saint-Laurent Saint
12%
Rue Yves Toudic Syndicaliste
12%
Rue Albert Camus Philosophe
6%
Rue Albert Thomas Homme politique
6%
Rue Alibert Scientifique
6%
Place Angélique du Coudray Scientifique
6%
Passerelle Arletty Comédienne
6%
Rue Arthur Groussier Syndicaliste
6%
Pont Bernadette Lafont Comédienne
6%
Rue Bossuet Religieux
6%
Rue Boy-Zelenski Écrivain
6%
Rue Cail Industriel
6%
Rue Charles Robin Scientifique
6%
Rue Chaudron
6%
Impasse Chausson
6%
Belvédère Claude-Gérard Marcus Homme politique
6%
Promenade Cleews Vellay Militant
6%
Rue de Belzunce Religieux
6%
Rue de l'Aqueduc
6%
Rue de l'Échiquier
6%
Passage de l'Industrie
6%
Rue de Rocroy Bataille
6%
Cour des Bretons
6%
Rue des Écluses Saint-Martin Lieu de l'arrondissement
6%
Passage des Marais
6%
Rue des Messageries
6%
Rue des Petits Hôtels
6%
Place du 8 novembre 1942 Date
6%
Passage | Rue du Buisson-Saint-Louis
6%
Rue du Chalet
6%
Rue du Commandant Mortenol Militaire
6%
Passage du Désir
6%
Place du Docteur Alfred Fournier Scientifique
6%
Villa du Lavoir
6%
Place Dulcie September Militante
6%
Passage du Marché
6%
Rue du Terrage
6%
Terrasse Émilienne Moreau-Évrard Résistante
6%
Passerelle Emmanuelle Riva Comédienne
6%
Rue Fénelon Religieux
6%
Rue Francis Jammes Poète
6%
Allée Georg Friedrich Haendel Compositeur
6%
Rue Gustave Goublier Compositeur
6%
Pont Hélène Duc Comédienne
6%
Rue Henri Feulard Scientifique
6%
Cité | Rue Hittorf Architecte
6%
Passerelle Jane Birkin Comédienne
6%
Place Jan Karski Résistant
6%
Rue Jarry
6%
Rue Jean et Marie Moinon Résistants
6%
Rue Jean Poulmarch Résistant
6%
Rue Legouvé Écrivain
6%
Place Madeleine Braun Résistante
6%
Pont Maria Casarès Comédienne
6%
Pont Maria Pacôme Comédienne
6%
Passerelle Maria Schneider Comédienne
6%
Rue Marie et Louise
6%
Impasse Martini
6%
Passerelle Michèle Morgan Comédienne
6%
Rue Monseigneur Rodhain Religieux
6%
Rue Perdonnet Ingénieur
6%
Rue Philippe de Girard Ingénieur
6%
Rue Pierre Chausson
6%
Rue Pierre Dupont
6%
Place Raoul Follereau
6%
Avenue Richerand Scientifique
6%
Cité Riverin
6%
Rue Robert Blache
6%
Place Robert Desnos Poète
6%
Passage Roland Topor Artiste
6%
Place Simon et Cyla Wiesenthal
6%
Place Tony Dreyfus Homme politique
6%
Esplanade André Tollet Résistant
0%
Passage Barthélémy
0%
Impasse Boutron
0%
Cour de la Ferme Saint-Lazare
0%
Cour de la Grâce de Dieu
0%
Passage Delanos
0%
Rue de Mazagran Ville
0%
Allée du Professeur Jean Bernard Scientifique
0%
Cité du Wauxhall
0%
Rue Gabriel Laumain Résistant
0%
Rue Guy Patin Scientifique
0%
Passage Hébrard
0%
Cité Héron
0%
Place Johann Strauss Compositeur
0%
Rue Léon Jouhaux Syndicaliste
0%
Rue Léon Schwartzenberg Scientifique
0%
Rue Pierre Bullet
0%
Passage Reilhac
0%
Rue Sibour
0%
Rue Tesson
0%
Rue Vicq d'Azir Scientifique
0%
Aucun quiz correspondant
Distribution des résultats
% des personnes avec chaque résultat
Percentile par nombre de réponses
Votre historique - résultats
Vous n’avez pas pris ce quiz depuis la dernière actualisation